[Event "Mondiale Lampo FIDE 2022"]
[Site "Alma Ata"]
[Date "29.12.2022"]
[Round "11.59"]
[White "Zverev, Lev"]
[Black "Harsha, Bharathakoti"]
[Result "1/2-1/2"]
[WhiteTitle ""]
[BlackTitle ""]
[WhiteElo "2310"]
[BlackElo "2593"]
[WhiteFideId "24250775"]
[BlackFideId "5078776"]
[EventDate "29.12.2022"]

1. e4 g6 2. d4 Bg7 3. Nc3 d6 4. Be3 a6 5. Qd2 b5 6. h4 h5 7. Nh3 Bxh3 8. Rxh3
Nd7 9. O-O-O Rc8 10. d5 Ngf6 11. f3 c5 12. dxc6 Rxc6 13. Kb1 O-O 14. Nd5 Ne5 15.
Bh6 Nxd5 16. exd5 Rc8 17. g4 hxg4 18. fxg4 Nxg4 19. Bf4 Nf6 20. h5 Nxh5 21. Bh6
e5 22. dxe6 fxe6 23. Bd3 Qf6 24. Bxg7 Kxg7 25. Rg1 Nf4 26. Rhg3 Rg8 27. Bxg6
Nxg6 28. Rxg6+ Qxg6 29. Rxg6+ Kxg6 30. Qxd6 Kf5 31. a3 Ra8 32. Qd3+ Kf6 33. Qf3+
Ke7 34. Qb7+ Kd6 35. Qb6+ Kd5 36. Qb7+ Ke5 37. Qc7+ Kf5 38. Qf7+ Ke5 39. Qc7+
Kf6 40. Qf4+ Ke7 41. Qc7+ Kf6 42. Qf4+ Ke7 43. Qc7+ 1/2-1/2

[Event "Mondiale Lampo FIDE 2022"]
[Site "Alma Ata"]
[Date "29.12.2022"]
[Round "11.60"]
[White "Isanzhulov, Arystan"]
[Black "Burmakin, Vladimir"]
[Result "1-0"]
[WhiteTitle ""]
[BlackTitle ""]
[WhiteElo "2313"]
[BlackElo "2498"]
[WhiteFideId "13711644"]
[BlackFideId "4105109"]
[EventDate "29.12.2022"]

1. e4 b6 2. d4 Bb7 3. Bd3 d6 4. Nf3 Nd7 5. O-O g6 6. a4 a6 7. Re1 Bg7 8. Bg5 h6
9. Bh4 c5 10. c3 Qc7 11. Nbd2 e5 12. dxe5 Nxe5 13. Nxe5 dxe5 14. Qb3 Nf6 15.
Rad1 O-O 16. Nc4 Nd7 17. Be7 Rfe8 18. Bd6 Qc6 19. Bf1 Re6 20. Rd2 b5 21. Na5 Qb6
22. Nxb7 Qxb7 23. Bc4 Rae8 24. axb5 axb5 25. Qxb5 Qxb5 26. Bxb5 Rd8 27. Bc7 1-0

[Event "Mondiale Lampo FIDE 2022"]
[Site "Alma Ata"]
[Date "29.12.2022"]
[Round "11.61"]
[White "Zhigalko, Sergei"]
[Black "Narayanan, Srinath"]
[Result "1-0"]
[WhiteTitle ""]
[BlackTitle ""]
[WhiteElo "2572"]
[BlackElo "2559"]
[WhiteFideId "13502956"]
[BlackFideId "5018420"]
[EventDate "29.12.2022"]

1. e4 c6 2. d4 d5 3. e5 c5 4. Nf3 cxd4 5. Qxd4 Nc6 6. Qf4 e6 7. Bd3 Nb4 8. O-O
Nxd3 9. cxd3 Ne7 10. Nc3 Ng6 11. Qg3 Be7 12. Re1 O-O 13. Nb5 Bd7 14. Nbd4 Rc8
15. Bd2 Re8 16. a3 f6 17. Bb4 Bxb4 18. axb4 fxe5 19. Nxe5 Nxe5 20. Qxe5 Qb6 21.
b5 Rf8 22. Re3 Rf7 23. h4 Rcf8 24. Rg3 Rf6 25. Re1 R8f7 26. Qb8+ Rf8 27. Qe5
R8f7 28. h5 h6 29. Rg6 Rxf2 30. Re3 Rf1+ 31. Kh2 R1f4 32. Nxe6 Bxe6 33. Rxe6
Qxb5 1-0

[Event "Mondiale Lampo FIDE 2022"]
[Site "Alma Ata"]
[Date "29.12.2022"]
[Round "11.62"]
[White "Puranik, Abhimanyu"]
[Black "Vallejo Pons, Francisco"]
[Result "0-1"]
[WhiteTitle ""]
[BlackTitle ""]
[WhiteElo "2616"]
[BlackElo "2716"]
[WhiteFideId "5061245"]
[BlackFideId "2205530"]
[EventDate "29.12.2022"]

1. c4 e6 2. Nf3 d5 3. e3 dxc4 4. Bxc4 Nf6 5. O-O c5 6. b3 Nc6 7. Bb2 Be7 8. d4
cxd4 9. Nxd4 Bd7 10. Nd2 Nxd4 11. Bxd4 Bc6 12. Nf3 O-O 13. Qe2 Qa5 14. Rac1 Rfd8
15. Ne5 Bd5 16. Bxd5 Rxd5 17. f4 Rad8 18. Rc2 Bc5 19. Bxc5 Rxc5 20. h3 h5 21.
Rfc1 Rdc8 22. Kh2 h4 23. Rxc5 Rxc5 24. Rxc5 Qxc5 25. Qf2 b5 26. Nf3 Nd5 27. Qxh4
Nxe3 28. Qd8+ Qf8 29. Qd3 Nd5 30. Ng5 g6 31. g3 Qc5 32. Ne4 Qc1 33. h4 a6 34. h5
gxh5 35. Ng5 Nf6 36. Qd8+ Kg7 37. Qe7 Ng4+ 38. Kg2 Qc2+ 39. Kf3 Qd3+ 0-1

[Event "Mondiale Lampo FIDE 2022"]
[Site "Alma Ata"]
[Date "29.12.2022"]
[Round "11.63"]
[White "Damjanovic, Vuk"]
[Black "Ivic, Velimir"]
[Result "0-1"]
[WhiteTitle ""]
[BlackTitle ""]
[WhiteElo "2361"]
[BlackElo "2572"]
[WhiteFideId "980021"]
[BlackFideId "950122"]
[EventDate "29.12.2022"]

1. d4 Nf6 2. Nf3 g6 3. g3 Bg7 4. Bg2 O-O 5. O-O d6 6. Re1 Nbd7 7. e4 e5 8. a4 a5
9. Nc3 b6 10. dxe5 dxe5 11. b3 Bb7 12. Ba3 Re8 13. Nd2 Bf8 14. Bb2 c6 15. Nc4
Qc7 16. Qf3 Ba6 17. Bf1 Rad8 18. Rad1 Bc5 19. Na2 Kg7 20. Nc1 Bb4 21. Re3 h5 22.
h3 h4 23. g4 Bf8 24. Ree1 b5 25. Ne3 Nc5 26. axb5 cxb5 27. Nd5 Nxd5 28. exd5 Kg8
29. Nd3 Nxd3 30. Bxd3 Bg7 31. Be4 b4 32. Rc1 Qb6 33. Rcd1 Bc8 34. g5 Qc7 35. Bc1
Rf8 36. Qg2 Qd6 37. Be3 Bd7 38. Rc1 Rc8 39. Bd2 a4 40. bxa4 Bxa4 41. c4 bxc3 42.
Bxc3 Rfd8 43. Bd2 Rb8 44. Be3 Bd7 45. Bc5 Qa6 46. Be3 Rdc8 47. Ra1 Qd6 48. Rab1
Rb4 49. Rxb4 Qxb4 50. Rb1 Qa3 51. Qf3 Qe7 52. Rb7 Qe8 53. Ra7 Bf8 54. Kg2 Ra8
55. Rc7 Rc8 56. Ra7 Qd8 57. Qe2 Bf5 58. Qf3 Bd7 59. Bd3 Be8 60. Be4 Rb8 61. Qg4
Rb4 62. Qf3 Qb8 63. Ra3 Rxe4 0-1

[Event "Mondiale Lampo FIDE 2022"]
[Site "Alma Ata"]
[Date "29.12.2022"]
[Round "11.64"]
[White "Vokhidov, Shamsiddin"]
[Black "Sankalp, Gupta"]
[Result "1-0"]
[WhiteTitle ""]
[BlackTitle ""]
[WhiteElo "2579"]
[BlackElo "2485"]
[WhiteFideId "14204223"]
[BlackFideId "5097010"]
[EventDate "29.12.2022"]

1. e4 c6 2. Nf3 d5 3. Nc3 dxe4 4. Nxe4 Nf6 5. Qe2 Nxe4 6. Qxe4 Nd7 7. Bc4 Nf6 8.
Ne5 e6 9. Qe2 b5 10. Bd3 Qc7 11. a4 b4 12. b3 Nd5 13. g3 Bb7 14. Bb2 Be7 15.
O-O-O Bf6 16. h4 a5 17. h5 Nc3 18. dxc3 Qxe5 19. Qxe5 Bxe5 20. cxb4 Bxb2+ 21.
Kxb2 axb4 22. Rh4 c5 23. Bb5+ Kf8 24. Rd7 Bd5 25. Rc7 f5 26. Rxc5 Ke7 27. Rc7+
Kf6 28. Rxb4 Rab8 29. a5 Bf3 30. a6 Rb6 31. c4 Rhb8 32. Ra4 h6 33. a7 Ra8 34.
Ra5 Rb7 35. Rxb7 Bxb7 36. c5 Ke5 37. Bd7 Bd5 38. b4 Kd4 39. c6 Kc4 40. c7 Bb7
41. Rb5 1-0

[Event "Mondiale Lampo FIDE 2022"]
[Site "Alma Ata"]
[Date "29.12.2022"]
[Round "11.65"]
[White "Gurel, Ediz"]
[Black "Lintchevski, Daniil"]
[Result "0-1"]
[WhiteTitle ""]
[BlackTitle ""]
[WhiteElo "2454"]
[BlackElo "2548"]
[WhiteFideId "44507356"]
[BlackFideId "4171055"]
[EventDate "29.12.2022"]

1. e4 c5 2. Nf3 e6 3. d4 cxd4 4. Nxd4 Nf6 5. Nc3 Nc6 6. Ndb5 d6 7. Bf4 e5 8. Bg5
a6 9. Na3 Be6 10. Nc4 Rb8 11. Nd5 Bxd5 12. exd5 Ne7 13. Bxf6 gxf6 14. Be2 f5 15.
O-O Bg7 16. a4 O-O 17. a5 Ng6 18. Re1 e4 19. Bf1 Re8 20. Ra3 Ne5 21. Nb6 Qf6 22.
Rh3 h6 23. b4 Rbd8 24. b5 axb5 25. Bxb5 Re7 26. Bf1 Ng4 27. Be2 Ne5 28. Nc4 Nxc4
29. Bxc4 Rc7 30. Bb5 Ra8 31. Qd2 Rc3 32. Rxc3 Qxc3 33. Qxc3 Bxc3 34. Rb1 0-1

[Event "Mondiale Lampo FIDE 2022"]
[Site "Alma Ata"]
[Date "29.12.2022"]
[Round "11.66"]
[White "Yakubboev, Nodirbek"]
[Black "Arjun, Kalyan"]
[Result "1-0"]
[WhiteTitle ""]
[BlackTitle ""]
[WhiteElo "2647"]
[BlackElo "2505"]
[WhiteFideId "14203987"]
[BlackFideId "35018701"]
[EventDate "29.12.2022"]

1. c4 Nf6 2. g3 e6 3. Bg2 d5 4. Nf3 dxc4 5. Qa4+ c6 6. Qxc4 b5 7. Qc2 Bb7 8. a4
a6 9. O-O Nbd7 10. Nc3 b4 11. Nd1 c5 12. b3 Be7 13. Bb2 O-O 14. Ne3 a5 15. Nc4
Nb6 16. Nfe5 Bxg2 17. Kxg2 Nxc4 18. Nxc4 Nd5 19. Rfd1 Bf6 20. e4 Bxb2 21. Nxb2
Nf6 22. f3 Qd4 23. Nc4 Rfd8 24. d3 Nd7 25. Qf2 g6 26. Rac1 Ra6 27. f4 Kf8 28.
Qxd4 cxd4 29. Ne5 Nxe5 30. fxe5 Ke7 31. Rc4 Ra7 32. Rdc1 Rdd7 33. Kf3 Ra6 34.
Kf4 h6 35. Rc8 Raa7 36. R1c4 Rab7 37. Ra8 Ra7 38. Rxa7 Rb7 1-0

[Event "Mondiale Lampo FIDE 2022"]
[Site "Alma Ata"]
[Date "29.12.2022"]
[Round "11.67"]
[White "Gareyev, Timur"]
[Black "Utegaliyev, Azamat"]
[Result "1-0"]
[WhiteTitle ""]
[WhiteElo "2602"]
[BlackElo "2445"]
[WhiteFideId "14200937"]
[BlackFideId "13702467"]
[EventDate "29.12.2022"]

1. d4 Nf6 2. c4 e6 3. Nc3 d5 4. Bg5 Nbd7 5. cxd5 exd5 6. e3 c6 7. Bd3 Be7 8. Qc2
Nh5 9. h4 Bxg5 10. hxg5 Qxg5 11. O-O-O g6 12. Nf3 Qf6 13. Kb1 Nb6 14. Ne5 Be6
15. g4 Ng7 16. f4 O-O-O 17. Rh6 Qe7 18. f5 Bd7 19. Nb5 Kb8 20. Qh2 Ka8 21. Nxg6
fxg6 22. Nc7+ Kb8 23. Na6+ Ka8 24. Qb8+ Rxb8 25. Nc7# 1-0

[Event "Mondiale Lampo FIDE 2022"]
[Site "Alma Ata"]
[Date "29.12.2022"]
[Round "11.68"]
[White "Chigaev, Maksim"]
[Black "Aleksandrov, Aleksej"]
[Result "1/2-1/2"]
[WhiteTitle ""]
[BlackTitle ""]
[WhiteElo "2632"]
[BlackElo "2495"]
[WhiteFideId "4108116"]
[BlackFideId "13500139"]
[EventDate "29.12.2022"]

1. e4 e5 2. Nf3 Nc6 3. Bc4 Bc5 4. c3 Nf6 5. d3 d6 6. Bg5 h6 7. Bh4 Qe7 8. Nbd2
a6 9. a3 Be6 10. Qe2 Ba7 11. h3 g5 12. Bg3 Nh5 13. Bh2 Nf4 14. Bxf4 gxf4 15. g3
fxg3 16. fxg3 h5 17. Bxe6 Qxe6 18. O-O-O O-O-O 19. Nh4 Ne7 20. Rdf1 Rdg8 21. Rf3
Rg7 22. Nf5 Nxf5 23. exf5 Qd7 24. c4 f6 25. Ne4 Qf7 26. Kb1 Bd4 27. Rc1 Kb8 28.
Ka2 Rgg8 29. Qc2 Rd8 30. Qb3 Rhf8 31. Rc2 c6 32. g4 hxg4 33. hxg4 Rg8 34. Rg2 d5
35. cxd5 cxd5 36. Nd2 Qd7 37. g5 fxg5 38. f6 g4 39. Rf1 Rgf8 40. Qb4 Be3 41. Nb3
Qb5 42. Qxb5 axb5 43. Rxg4 Bf4 44. Rg6 Rd6 45. Nc5 b6 46. Na6+ Kb7 47. Nb4 Rdxf6
48. Rxf6 Rxf6 49. Nxd5 Rd6 50. Nb4 Bd2 51. Rf7+ Kc8 52. Rf8+ Kb7 53. Rf7+ Kc8
54. Rf8+ Kb7 1/2-1/2

[Event "Mondiale Lampo FIDE 2022"]
[Site "Alma Ata"]
[Date "29.12.2022"]
[Round "11.69"]
[White "Hambleton, Aman"]
[Black "Averin, Nikolay"]
[Result "0-1"]
[WhiteTitle ""]
[BlackTitle ""]
[WhiteElo "2437"]
[BlackElo "2342"]
[WhiteFideId "2606577"]
[BlackFideId "24250473"]
[EventDate "29.12.2022"]

1. d4 d5 2. Bf4 Nf6 3. e3 c5 4. c3 Nc6 5. Nd2 Bf5 6. Qb3 Qd7 7. Ngf3 c4 8. Qd1
h6 9. Ne5 Nxe5 10. Bxe5 Ng4 11. Bg3 e6 12. e4 dxe4 13. Nxc4 Qd5 14. h3 Nf6 15.
Ne3 Qc6 16. a4 a6 17. Nxf5 exf5 18. Be2 Bd6 19. Bxd6 Qxd6 20. O-O O-O 21. a5 f4
22. Re1 Rfe8 23. Bf1 Re7 24. Ra4 Rae8 25. Rb4 e3 26. fxe3 fxe3 27. Qf3 Nd5 28.
Rc4 Nf4 29. Be2 Ne6 30. Rb4 Ng5 31. Qg4 Re4 32. Rb6 Qc7 33. Qf5 g6 34. Qf1 Qg3
35. Kh1 Rh4 36. Rd1 Nxh3 37. Re1 Ng5+ 0-1

[Event "Mondiale Lampo FIDE 2022"]
[Site "Alma Ata"]
[Date "29.12.2022"]
[Round "11.70"]
[White "Nguyen, Thai Dai Van"]
[Black "Vetokhin, Savva"]
[Result "1-0"]
[WhiteTitle ""]
[BlackTitle ""]
[WhiteElo "2656"]
[BlackElo "2354"]
[WhiteFideId "358878"]
[BlackFideId "44144474"]
[EventDate "29.12.2022"]

1. d4 Nf6 2. c4 e6 3. Nf3 d5 4. Nc3 Bb4 5. Bg5 h6 6. Bxf6 Qxf6 7. Qb3 c5 8. cxd5
exd5 9. dxc5 Bxc3+ 10. Qxc3 Qxc3+ 11. bxc3 Be6 12. Nd4 Nd7 13. c6 bxc6 14. Nxc6
Rc8 15. Nxa7 Rxc3 16. Nb5 Rc5 17. e3 Ke7 18. a4 Nb6 19. Bd3 Ra8 20. a5 Nc4 21.
Bxc4 dxc4 22. Nd4 Bd5 23. a6 Bxg2 24. Rg1 Be4 25. f3 Bd3 26. Kd2 g5 27. Kc3 Kd7
28. Rg2 Re5 29. e4 h5 30. h3 f6 31. Rb2 g4 32. hxg4 hxg4 33. Rb7+ Kd6 34. Rb6+
Kd7 35. Rh1 Re7 36. fxg4 Bxe4 37. Rf1 Bd5 38. Rfxf6 Re3+ 39. Kb4 Ke7 40. Nf5+
Ke8 41. Nxe3 1-0

[Event "Mondiale Lampo FIDE 2022"]
[Site "Alma Ata"]
[Date "29.12.2022"]
[Round "11.71"]
[White "Zhalmakhanov, Ramazan"]
[Black "Makhnev, Denis"]
[Result "0-1"]
[WhiteTitle ""]
[BlackTitle ""]
[WhiteElo "2401"]
[BlackElo "2481"]
[WhiteFideId "13706357"]
[BlackFideId "13707647"]
[EventDate "29.12.2022"]

1. Nc3 d5 2. e4 c6 3. d4 dxe4 4. Nxe4 Nd7 5. Nf3 Ngf6 6. Nc3 e6 7. Bd3 Be7 8.
O-O c5 9. Qe2 O-O 10. Rd1 cxd4 11. Nxd4 a6 12. Ne4 Qc7 13. Bg5 h6 14. Bh4 Nd5
15. Bg3 Qb6 16. c3 Rd8 17. Bc4 N7f6 18. Nxf6+ Nxf6 19. Nf5 Bf8 20. Rxd8 Qxd8 21.
Rd1 Qb6 22. Nd6 Bd7 23. Be5 Nd5 24. Bxd5 exd5 25. Rxd5 Be6 26. Rd2 Rd8 27. Ne4
Rxd2 28. Qxd2 Bxa2 29. h3 Qe6 30. Qd4 Bd5 31. Ng3 Bc6 32. Bf4 Be7 33. Be3 a5 34.
f3 Bf6 35. Qd2 a4 36. Ne2 Qc4 37. Nd4 Bd7 38. Ne2 0-1

[Event "Mondiale Lampo FIDE 2022"]
[Site "Alma Ata"]
[Date "29.12.2022"]
[Round "11.72"]
[White "Adly, Ahmed"]
[Black "Suyarov, Mukhammadzokhid"]
[Result "1-0"]
[WhiteTitle ""]
[BlackTitle ""]
[WhiteElo "2596"]
[BlackElo "2299"]
[WhiteFideId "10601619"]
[BlackFideId "14210495"]
[EventDate "29.12.2022"]

1. d4 e6 2. Nf3 Nf6 3. g3 b6 4. Bg2 Bb7 5. O-O Be7 6. c4 O-O 7. d5 Na6 8. Nc3
Nc5 9. Nd4 e5 10. Nf5 d6 11. b4 Ncd7 12. a3 Ne8 13. f4 Bf6 14. Qc2 exf4 15. gxf4
g6 16. Nh6+ Kh8 17. Ng4 Bd4+ 18. e3 Bg7 19. Bb2 f5 20. Nf2 Nef6 21. Rae1 Nh5 22.
Ne2 Qe7 23. Nd4 Bxd4 24. Bxd4+ Kg8 25. Bf3 Qh4 26. Nd3 Rae8 27. Qa4 Ndf6 28.
Qxa7 Ng4 29. Re2 Rb8 30. c5 bxc5 31. bxc5 dxc5 32. Nxc5 Ba8 33. Nd7 Rb7 34. Qa6
Rd8 35. Qe6# 1-0

[Event "Mondiale Lampo FIDE 2022"]
[Site "Alma Ata"]
[Date "29.12.2022"]
[Round "11.73"]
[White "Bologan, Victor"]
[Black "Korelskiy, Egor"]
[Result "1-0"]
[WhiteTitle ""]
[BlackTitle ""]
[WhiteElo "2574"]
[BlackElo "2153"]
[WhiteFideId "13900048"]
[BlackFideId "34329064"]
[EventDate "29.12.2022"]

1. e4 c5 2. Nf3 e6 3. d3 d5 4. Qe2 Ne7 5. g3 Nbc6 6. Bg2 g6 7. O-O Bg7 8. c3 O-O
9. e5 Qc7 10. Re1 h6 11. h4 b5 12. Na3 a6 13. Nc2 a5 14. Bf4 Ba6 15. Qd2 Kh7 16.
Ne3 b4 17. Ng4 Ng8 18. Rac1 c4 19. dxc4 Rad8 20. cxd5 Rxd5 21. Qe3 Rd3 22. Qe4
bxc3 23. Rxc3 Rxc3 24. bxc3 Nce7 25. h5 Bb7 26. Qc2 Nf5 27. Nf6+ Kh8 28. Nxg8
Kxg8 29. hxg6 fxg6 30. Qd2 Rd8 31. Nd4 Bxg2 32. Kxg2 Qb7+ 33. Kg1 Ne7 34. Bxh6
Nf5 35. Bxg7 Nxg7 36. Qg5 Rd7 37. Qxg6 Qd5 38. Rb1 Qxe5 39. Rb5 Qe1+ 40. Kg2 Rd8
41. Rb7 Qe5 42. Rxg7+ Qxg7 43. Qxg7+ 1-0

[Event "Mondiale Lampo FIDE 2022"]
[Site "Alma Ata"]
[Date "29.12.2022"]
[Round "11.74"]
[White "Fedorov, Alexei"]
[Black "Khripachenko, Alexander"]
[Result "0-1"]
[WhiteTitle ""]
[BlackTitle ""]
[WhiteElo "2475"]
[BlackElo "2219"]
[WhiteFideId "13500465"]
[BlackFideId "54184975"]
[EventDate "29.12.2022"]

1. e4 e5 2. Nf3 Nf6 3. d3 d5 4. exd5 Qxd5 5. Nc3 Bb4 6. Bd2 Bxc3 7. Bxc3 Nc6 8.
Be2 O-O 9. O-O Re8 10. h3 Bf5 11. Nh4 Bd7 12. Re1 Nd4 13. Bf3 Qb5 14. a4 Qb6 15.
a5 Qb5 16. Bxd4 exd4 17. a6 c6 18. axb7 Qxb7 19. Rxe8+ Rxe8 20. Qc1 Qb5 21. g3
Bxh3 22. Rxa7 g5 23. Ng2 Qf5 24. Bxc6 Re2 25. Qf1 Rxc2 26. Bb5 Ng4 27. Bd7 Qc5
28. Ra8+ Kg7 29. Bxg4 Bxg4 30. Ra1 Be2 31. Qe1 Bxd3 32. b4 Qf5 33. Ra5 Qf6 34.
Qe5 Qxe5 35. Rxe5 Kf6 36. Rd5 Rc4 37. f4 g4 38. f5 Rc1+ 39. Kh2 Rc2 40. Rxd4 Bf1
41. Rxg4 Bxg2 42. Kg1 Kxf5 43. Rg7 Bd5 44. Rxh7 Rg2+ 45. Kf1 Rxg3 46. Rh4 Rb3
47. Kf2 Ke5 48. Ke2 f5 49. Kd2 f4 50. Kc2 Rxb4 0-1

[Event "Mondiale Lampo FIDE 2022"]
[Site "Alma Ata"]
[Date "29.12.2022"]
[Round "11.75"]
[White "Urazayev, Arystanbek"]
[Black "Abdilkhair, Abilmansur"]
[Result "1-0"]
[WhiteTitle ""]
[BlackTitle ""]
[WhiteElo "2465"]
[BlackElo "2278"]
[WhiteFideId "13709810"]
[BlackFideId "13716417"]
[EventDate "29.12.2022"]

1. e4 e5 2. Nf3 Nf6 3. Nc3 Nc6 4. d4 exd4 5. Nxd4 Bb4 6. Nxc6 bxc6 7. Bd3 d5 8.
Bd2 O-O 9. O-O Bxc3 10. Bxc3 Nxe4 11. Bxe4 dxe4 12. Qe2 Re8 13. Qe3 Qd6 14. Rad1
Qg6 15. Rd4 Bg4 16. Kh1 h5 17. h3 Bf5 18. Rfd1 Kh7 19. R1d2 Be6 20. b3 c5 21.
Ra4 c4 22. Ra5 f6 23. b4 Red8 24. Rxd8 Rxd8 25. Rxa7 Rd7 26. Bd4 c3 27. Bxc3 Bc4
28. Kh2 Rd5 29. h4 c6 30. a4 Rf5 31. Qg3 Qxg3+ 32. Kxg3 Rd5 33. Bxf6 1-0

[Event "Mondiale Lampo FIDE 2022"]
[Site "Alma Ata"]
[Date "29.12.2022"]
[Round "11.76"]
[White "Munkhdalai, Amilal"]
[Black "Petkov, Momchil"]
[Result "0-1"]
[WhiteTitle ""]
[BlackTitle ""]
[WhiteElo "2142"]
[BlackElo "2531"]
[WhiteFideId "4903250"]
[BlackFideId "2921642"]
[EventDate "29.12.2022"]

1. e4 c5 2. Nf3 d6 3. d4 cxd4 4. Nxd4 Nf6 5. f3 e5 6. Nb3 Be6 7. c4 a5 8. Be3 a4
9. Nc1 Nh5 10. Nc3 Nc6 11. Nd5 Nd4 12. Ne2 Bxd5 13. cxd5 Be7 14. Nxd4 exd4 15.
Bb5+ Kf8 16. Bd2 Qb6 17. Qe2 a3 18. b3 Bf6 19. Bd3 g6 20. O-O Re8 21. g4 Ng7 22.
f4 h6 23. Qf3 Kg8 24. g5 Bd8 25. h4 Qc7 26. Qg4 Qe7 27. Kg2 f5 28. gxf6 Qxf6 29.
Be1 h5 30. Qh3 Qf7 31. Rc1 Kh7 32. f5 Bf6 33. e5 Qxd5+ 34. Kg1 Qxe5 35. fxg6+
Kg8 36. Bd2 d5 37. Rce1 Qd6 38. Rxe8+ Nxe8 39. Bf4 Qe7 40. Qf5 Kg7 41. Qxd5 Nc7
42. Qf5 Rf8 43. Qh3 Nd5 44. Bg3 Ne3 45. Rf3 Qc5 46. Bf2 Qd5 47. Rf4 Re8 48. Qf3
Qe6 49. Bc4 Nxc4 50. bxc4 Re7 51. Bxd4 Bxd4+ 52. Rxd4 Qe1+ 53. Kg2 Re2+ 54. Kh3
Re3 0-1

[Event "Mondiale Lampo FIDE 2022"]
[Site "Alma Ata"]
[Date "29.12.2022"]
[Round "11.77"]
[White "Uskov, Artem"]
[Black "Degenbaev, Aziz"]
[Result "1-0"]
[WhiteTitle ""]
[WhiteElo "2376"]
[BlackElo "2139"]
[WhiteFideId "34254854"]
[BlackFideId "13802640"]
[EventDate "29.12.2022"]

1. e4 c5 2. Nf3 d6 3. d4 cxd4 4. Nxd4 Nf6 5. Nc3 Nc6 6. Bg5 Bd7 7. Qd2 Rc8 8.
O-O-O Nxd4 9. Qxd4 Qa5 10. Bxf6 gxf6 11. f4 Qc5 12. Qd2 f5 13. exf5 Bxf5 14.
Bb5+ Kd8 15. Bd3 Bxd3 16. Qxd3 Bg7 17. Ne4 Qb6 18. c3 h6 19. f5 Be5 20. f6 exf6
21. Rhf1 Ke7 22. Rde1 Qa5 23. Kb1 Rc6 24. Nxf6 Rhc8 25. Nd5+ Kf8 26. Qf3 f6 27.
Nxf6 Rxc3 28. Nd7+ 1-0

[Event "Mondiale Lampo FIDE 2022"]
[Site "Alma Ata"]
[Date "29.12.2022"]
[Round "11.78"]
[White "Kostenko, Petr"]
[Black "Mamedov, Edgar"]
[Result "1-0"]
[WhiteTitle ""]
[BlackTitle ""]
[WhiteElo "2374"]
[BlackElo "2283"]
[WhiteFideId "13700669"]
[BlackFideId "13739980"]
[EventDate "29.12.2022"]

1. c4 c6 2. d4 d5 3. Nf3 Nf6 4. e3 e6 5. Bd3 Nbd7 6. O-O Bd6 7. Nbd2 O-O 8. e4
dxe4 9. Nxe4 Nxe4 10. Bxe4 Nf6 11. Bc2 c5 12. Bg5 h6 13. Bh4 Be7 14. dxc5 Qxd1
15. Raxd1 Bxc5 16. Ne5 g5 17. Bg3 b6 18. a3 a5 19. Nd3 Bd4 20. Be5 Bxe5 21. Nxe5
Ba6 22. f4 Kg7 23. Rd6 Rac8 24. b3 Bb7 25. Rxb6 Be4 26. Bxe4 Nxe4 27. f5 exf5
28. Rxf5 Rcd8 29. h3 Ng3 30. Rf3 Rd1+ 31. Kf2 Ne4+ 32. Ke2 Ra1 33. Rb7 Nd6 34.
Re7 Ra2+ 35. Kd3 Rd8 36. Rd7 Rxd7 37. Nxd7 Rxa3 38. Kd4 Ra2 39. c5 Rd2+ 40. Ke5
f6+ 41. Nxf6 Nf7+ 42. Kf5 Rc2 43. Ne4 h5 44. Ke6 Nd8+ 45. Kd7 Nf7 46. Ke7 Ne5
47. Rf5 Ng6+ 1-0

[Event "Mondiale Lampo FIDE 2022"]
[Site "Alma Ata"]
[Date "29.12.2022"]
[Round "11.79"]
[White "Svane, Rasmus"]
[Black "Uruci, Endrit"]
[Result "1-0"]
[WhiteTitle ""]
[BlackTitle ""]
[WhiteElo "2622"]
[BlackElo "2297"]
[WhiteFideId "4657101"]
[BlackFideId "22100199"]
[EventDate "29.12.2022"]

1. Nf3 Nf6 2. g3 d5 3. Bg2 c5 4. O-O Nc6 5. d4 cxd4 6. Nxd4 e6 7. c4 Bc5 8. Nxc6
bxc6 9. Qc2 Be7 10. b3 O-O 11. Bb2 Bb7 12. Nd2 c5 13. cxd5 exd5 14. Rac1 Rc8 15.
Rfd1 Qa5 16. Bc3 Qb6 17. Nf1 d4 18. Bb2 Bxg2 19. Kxg2 h5 20. Nd2 Rfd8 21. Qd3
Nd5 22. Nc4 Qc6 23. Qf3 h4 24. Kg1 Bg5 25. Rb1 Nb6 26. Ne5 Qe6 27. Nd3 c4 28.
bxc4 Nxc4 29. Bc1 Bf6 30. Bf4 Re8 31. Re1 Nb6 32. a3 Na4 33. Rb7 Nc3 34. e3 Qa6
35. exd4 Rxe1+ 36. Nxe1 Ne2+ 37. Kg2 Nxf4+ 38. gxf4 Bxd4 39. Nd3 Qxa3 40. Rd7
Bb6 41. Qd5 Qf8 42. Ne5 h3+ 43. Kxh3 Rc3+ 44. Kg2 Rc5 45. Qb3 Qa8+ 46. f3 Kh8
47. Nxf7+ Kh7 48. Ng5+ Kh6 49. Qe6+ Kh5 50. Qg4+ Kg6 51. Ne4+ 1-0

[Event "Mondiale Lampo FIDE 2022"]
[Site "Alma Ata"]
[Date "29.12.2022"]
[Round "11.80"]
[White "Harutyunyan, Tigran K."]
[Black "Mamatov, Melis"]
[Result "1-0"]
[WhiteTitle ""]
[BlackTitle ""]
[WhiteElo "2511"]
[BlackElo "2399"]
[WhiteFideId "13303635"]
[BlackFideId "13800027"]
[EventDate "29.12.2022"]

1. Nf3 c5 2. c4 Nc6 3. Nc3 g6 4. e3 Bg7 5. d4 d6 6. d5 Ne5 7. Nxe5 Bxe5 8. Bd3
Bg7 9. O-O Nf6 10. h3 O-O 11. e4 e6 12. Bg5 h6 13. Bh4 g5 14. Bg3 e5 15. a3 a5
16. Rb1 Bd7 17. b4 axb4 18. axb4 b6 19. bxc5 bxc5 20. Nb5 Bxb5 21. Rxb5 Qc7 22.
Qe2 Rfb8 23. Rfb1 Rxb5 24. cxb5 Nd7 25. h4 Nb6 26. hxg5 hxg5 27. Qg4 Bf6 28. Qf5
Kg7 29. Be2 Qc8 30. Qf3 c4 31. Qe3 Bd8 32. Rc1 Ra4 33. Bh5 Ra2 34. Qf3 Bf6 35.
Bg4 Qc5 36. Bf5 Qa3 37. Rc3 Qb2 38. Re3 Ra1+ 39. Kh2 Qc1 40. Kh3 Qh1+ 41. Bh2
Ra8 42. Kg3 Rh8 43. Bh3 Qc1 44. Ra3 Rh4 45. Rc3 Qd2 46. Qe3 Qd1 47. Qxb6 g4 48.
Qe3 gxh3 49. gxh3 Rh5 50. Kg2 Rg5+ 51. Bg3 Rg6 52. b6 Qb1 53. Rxc4 Bh4 54. Rc1
Qb4 55. Qd3 Bxg3 56. fxg3 Rf6 57. Rb1 Qa5 58. Qe2 Qa8 59. b7 Qb8 60. Qg4+ 1-0

[Event "Mondiale Lampo FIDE 2022"]
[Site "Alma Ata"]
[Date "29.12.2022"]
[Round "11.81"]
[White "Gadimbayli, Abdulla"]
[Black "Khusenkhojaev, Mustafokhuja"]
[Result "1-0"]
[WhiteTitle ""]
[WhiteElo "2524"]
[BlackElo "2265"]
[WhiteFideId "13404938"]
[BlackFideId "14700727"]
[EventDate "29.12.2022"]

1. e4 e5 2. Nf3 Nc6 3. Bb5 a6 4. Ba4 Nf6 5. d4 exd4 6. O-O Be7 7. e5 Ne4 8. Nxd4
O-O 9. Nf5 d5 10. Bxc6 bxc6 11. Nxe7+ Qxe7 12. Re1 Bf5 13. f3 Nc5 14. b3 Ne6 15.
Ba3 c5 16. Nc3 c6 17. Na4 Rfd8 18. Qd2 d4 19. Rac1 Rab8 20. Rcd1 h5 21. h3 h4
22. Qf2 Qg5 23. Nxc5 Bxh3 24. Re4 Nf4 25. Bc1 Bf5 26. Rxf4 Qg6 27. Qxh4 Bxc2 28.
Rdxd4 Rxd4 29. Rxd4 Bf5 30. Rd6 Be6 31. Nxe6 fxe6 32. Rd8+ Rxd8 33. Qxd8+ Kh7
34. Qh4+ Kg8 35. Qd8+ Kh7 36. Qd4 Qg3 37. Be3 Qe1+ 38. Kh2 c5 39. Qe4+ Kg8 40.
Bxc5 Qa1 41. a4 Qc3 42. b4 Qa1 43. b5 axb5 44. axb5 Qb2 45. b6 Qb5 46. b7 1-0